Statistical methods for practice and research: (Record no. 27765)

MARC details
000 -LEADER
fixed length control field 01001naa a2200253 4500
005 - DATE AND TIME OF LATEST TRANSACTION
control field 20090622145127.0
008 - FIXED-LENGTH DATA ELEMENTS--GENERAL INFORMATION
fixed length control field 090622t xxu||||| |||| 00| 0 eng d
010 ## - LCCN (DPL NO)
LC control number ENG-94162
020 ## - INTERNATIONAL STANDARD BOOK NUMBER
International Standard Book Number 9788132101000
Terms of availability 295.00
035 ## - SYSTEM CONTROL NUMBER
System control number EN-77695
037 ## - SOURCE OF ACQUISITION
Source of stock number/acquisition DBAD / PUB
040 ## - CATALOGING SOURCE
Original cataloging agency dpl
Language of cataloging English
082 ## - DEWEY DECIMAL CLASSIFICATION NUMBER
Classification number 001.422
100 ## - MAIN ENTRY--PERSONAL NAME
Personal name Gaur, Ajai S.
245 ## - TITLE STATEMENT
Title Statistical methods for practice and research:
Statement of responsibility, etc by Ajai S. Gaur [and] Sanjaya S. Gaur
Remainder of title a guide to data analysis using SPSS /
250 ## - EDITION STATEMENT
Edition statement 2nd ed
260 ## - PUBLICATION, DISTRIBUTION, ETC. (IMPRINT)
Place of publication, distribution, etc New Delhi
Name of publisher, distributor, etc Response Books,
Date of publication, distribution, etc 2009
270 ## - ADDRESS
Address BI/I-1 Mohan Cooprative Industial Area, Mathura Road,
City New Delhi
Postal code 110044
300 ## - PHYSICAL DESCRIPTION
Extent 169p.
Other physical details 24cm(pbk)
500 ## - GENERAL NOTE
General note Includes bibliographical references
700 ## - ADDED ENTRY--PERSONAL NAME
Personal name Gaur, Sanjaya S.
942 ## - ADDED ENTRY ELEMENTS (KOHA)
Institution code [OBSOLETE] dpl
Item type English Books
Source of classification or shelving scheme Dewey Decimal Classification
Classification part 001.422
Call number suffix GAU
Holdings
Withdrawn status Lost status Source of classification or shelving scheme Damaged status Not for loan Collection code Home library Current library Date acquired Source of acquisition Cost, normal purchase price Total Checkouts Full call number Barcode Date last seen Copy number Cost, replacement price Koha item type
    Dewey Decimal Classification   Not For Loan Non-fiction D.B.Act.Division D.B.Act.Division 22/06/2009 DBAD / PUB 295.00   001.422 GAU EN-77695 22/06/2009 1 295.00 English Books

© Delhi Public Library
Hit Counter
free hit counter